000 00669cam a2200241 4500
008 090401t1990 xxu||||| |||| 00| 0 eng d
020 _a1853960985
035 _a(Sirsi) u41777
041 _aeng
050 _a711.52094215
100 _aBrownill, Sue
245 _aDeveloping London`s docklands : another great planning disaster?
260 _aLondon
_bPaul Chapman Publishing Ltd
_c1990
300 _a196p. : ill. ; 24cm.
350 _a10.95
650 _aINNER CITY REDEVELOPMENT
650 _aLONDON DOCKLANDS DEVELOPMENT CORPORATION
650 _aLONDON
650 _aURBAN RENEWAL
690 _aURBAN RENEWAL
942 _n0
948 _c04/03/1997
999 _c90979
_d90979